名前に「白」がつく駅 - Statistics

General Stats
  • This quiz has been taken 133 times
  • The average score is 33 of 76
Answer Stats
Hint Answer % Correct
函館本線千歳線 白石
92%
東北本線 白石
92%
肥薩線 白石
92%
札幌市営地下鉄東西線 白石
92%
東北新幹線東北本線 新白河
88%
山手線 目白
85%
越後線 白山
85%
都営三田線 白山
85%
琴電長尾線 白山
85%
東北本線 白河
83%
東北新幹線 白石蔵王
82%
北総鉄道北総線 白井
79%
東京メトロ南北線都営三田線 白金高輪
78%
東京メトロ南北線都営三田線 白金台
75%
東急東横線 白楽
71%
山陽本線アストラムライン 新白島
70%
東急東横線 東白楽
69%
アストラムライン 白島
66%
広島電鉄白島線 白島
66%
東京メトロ半蔵門線都営大江戸線 清澄白河
65%
近鉄名古屋線 白子
60%
東北本線 白岡
58%
鶴見線 武蔵白石
58%
西武多摩川線 白糸台
57%
青梅線 白丸
54%
大糸線 白馬
54%
紀勢本線 白浜
52%
東北本線 新白岡
51%
北総鉄道北総線 西白井
49%
奥羽本線 白沢
45%
東北本線 白坂
45%
指宿枕崎線 白沢
45%
名鉄河和線 白沢
45%
香椎線西鉄貝塚線 和白
44%
東北本線 東白石
42%
室蘭本線 白老
40%
近鉄けいはんな線 白庭台
40%
近鉄志摩線 白木
39%
山陽本線 白市
37%
根室本線 白糠
36%
高山本線 白川口
35%
近鉄名古屋線 白塚
34%
長良川鉄道線 美濃白鳥
34%
京福電鉄北野線 北野白梅町
34%
石北本線 白滝
33%
南阿蘇鉄道 南阿蘇水の生まれる里白水高原
33%
只見線 大白川
29%
東北本線 北白川
28%
湘南モノレール 目白山下
28%
長崎本線 肥前白石
27%
仙山線 面白山高原
26%
高徳線 讃岐白鳥
26%
南海高野線 白鷺
26%
西鉄天神大牟田線 白木原
26%
山陽電鉄本線 白浜の宮
25%
仙山線 陸前白沢
24%
八戸線 陸奥白浜
22%
五能線 白神岳登山口
22%
八戸線 白銀
20%
函館本線 尾白内
19%
五能線 あきた白神
19%
大糸線 白馬大池
19%
伊豆急行線 片瀬白田
19%
山形鉄道フラワー長井線 白兎
17%
土佐くろしお鉄道中村線 土佐白浜
17%
南阿蘇鉄道 南阿蘇白川水源
17%
南阿蘇鉄道 阿蘇白川
16%
飯山線 信濃白鳥
15%
予讃線 伊予白滝
15%
長良川鉄道線 白鳥高原
15%
水郡線 里白石
12%
芸備線 白木山
12%
三陸鉄道リアス線 白井海岸
12%
長良川鉄道線 白山長滝
12%
明知鉄道線 花白温泉
12%
秩父鉄道線 白久
11%
No matching quizzes found
Score Distribution
Percent of People with Each Score
Percentile by Number Answered
Your Score History
You have not taken this quiz